[Event "?"]
[Site "Dallas, Pinfork Grand Prix II"]
[Date "1996.??.??"]
[Round "?"]
[White "Anderson,Selby"]
[Black "Ivanov,Igor"]
[Result "0-1"]
[WhiteElo "2330"]
[BlackElo "2540"]
[PlyCount "120"]

1. d4 g6 2. e4 Bg7 3. Nf3 d6 4. Nc3 Nf6 5. h3 O-O 6. Be3 a6 7. a4 Nbd7
8. Bc4
c6 9. Bb3 Qc7 10. Qe2 e6 11. Bf4 e5 12. dxe5 dxe5 13. Be3 Nh5 14. g3
Qa5 15.
Qc4 h6 16. O-O-O Ndf6 17. Qc5 Qxc5 18. Bxc5 Re8 19. a5 Bf8 20. Bxf8
Kxf8 21.
Rd6 Nd7 22. Ba2 Nhf6 23. Nd2 Ke7 24. Nc4 Nc5 25. f3 Be6 26. Rhd1 Ncd7
27. h4
Nh5 28. Ne3 Rad8 29. Bxe6 fxe6 30. Ng4 Rh8 31. Ne2 g5 32. hxg5 hxg5
33. R1d3 c5
34. c4 Nhf6 35. Nxf6 Nxf6 36. Rxd8 Rxd8 37. Rxd8 Kxd8 38. g4 Nd7 39.
Nc3 Ke7
40. Na4 Kd6 41. Kd2 Nb8 42. Nb6 Nc6 43. Kd3 Nxa5 44. Nc8+ Kd7 45. Nb6+
Kc7 46.
Na4 Kd6 47. Nc3 Nc6 48. Ke3 Nd4 49. Nd1 Ke7 50. Nf2 Nc2+ 51. Kd2 Nb4
52. Nh3
Kf6 53. Nf2 b6 54. Ke3 Nc2+ 55. Kd2 Nd4 56. Ke3 b5 57. Nd3 Nb3 58.
cxb5 axb5
59. Kf2 c4 60. Nb4 Nd4 0-1

[Event "?"]
[Site "Dallas, Pinfork Grand Prix II"]
[Date "1996.??.??"]
[Round "?"]
[White "Chow,Albert"]
[Black "McClintock,Doug"]
[Result "1-0"]
[WhiteElo "2380"]
[BlackElo "2200"]
[PlyCount "83"]

1. d4 Nf6 2. c4 c5 3. d5 e6 4. Nc3 exd5 5. cxd5 d6 6. e4 g6 7. Bd3 Bg7
8. h3
O-O 9. Bg5 Re8 10. Nf3 c4 11. Bc2 b5 12. a3 Na6 13. O-O Rb8 14. Nd4
Bd7 15. Nc6
Bxc6 16. dxc6 Nc7 17. Bf4 Rb6 18. Qxd6 Qxd6 19. Bxd6 Rxc6 20. e5 Nfd5
21. Be4
Rxd6 22. exd6 Bxc3 23. bxc3 Rxe4 24. Rfe1 Rxe1+ 25. Rxe1 Ne6 26. Rxe6
Nb6 27.
Re7 Kf8 28. Rxa7 Ke8 29. Rb7 Nd5 30. Rxb5 Nxc3 31. Rc5 Kd7 32. Rxc4
Nb5 33. a4
Nxd6 34. Rc2 Nb7 35. Kf1 Kd6 36. Ke2 f5 37. Ke3 g5 38. Kd4 h5 39. Kc4
Kc6 40.
Kb4+ Kb6 41. Rd2 Kc6 42. a5 1-0

[Event "?"]
[Site "Dallas, Pinfork Grand Prix II"]
[Date "1996.??.??"]
[Round "?"]
[White "Simms,Gary"]
[Black "Ardaman,Miles"]
[Result "0-1"]
[WhiteElo "2325"]
[BlackElo "2440"]
[PlyCount "82"]

1. e4 Nc6 2. Nf3 d6 3. d4 Bg4 4. c3 Nf6 5. h3 Bh5 6. Nbd2 e6 7. Bd3
Be7 8. O-O
d5 9. e5 Nd7 10. Qc2 Bg6 11. Re1 b5 12. Nh2 Nb6 13. f4 Qd7 14. b3 a6
15. Bb2
Bxd3 16. Qxd3 h5 17. a3 Na5 18. Nhf3 h4 19. Nh2 g6 20. Ng4 Kf8 21. a4
bxa4 22.
Ba3 Bxa3 23. Rxa3 Qb5 24. c4 Qb4 25. Rea1 Nxb3 26. Nxb3 axb3 27. cxd5
b2 28.
Rb1 Nxd5 29. Rb3 Qe7 30. R3xb2 Kg7 31. Qd2 a5 32. Rb5 a4 33. Rxd5 exd5
34. Nf6
Qe6 35. f5 Qxf5 36. Rf1 Qe6 37. Ng4 a3 38. Rf6 a2 39. Rxe6 a1=Q+ 40.
Kh2 fxe6
41. Qg5 Qf1 0-1

[Event "?"]
[Site "Dallas, Pinfork Grand Prix II"]
[Date "1996.??.??"]
[Round "?"]
[White "Bick,John"]
[Black "Anderson,Selby"]
[Result "0-1"]
[WhiteElo "2110"]
[BlackElo "2330"]
[PlyCount "54"]

1. d4 Nf6 2. c4 e6 3. Nc3 Bb4 4. a3 Bxc3+ 5. bxc3 Ne4 6. e3 b6 7. Qg4
Nf6 8.
Qxg7 Rg8 9. Qh6 Bb7 10. f3 d6 11. e4 Nbd7 12. Qh4 Qe7 13. Qf2 e5 14.
Bd3 exd4
15. cxd4 c5 16. Ne2 cxd4 17. Nxd4 Nc5 18. Be2 O-O-O 19. Be3 Kb8 20. a4
Rde8 21.
a5 Nfxe4 22. fxe4 Qxe4 23. axb6 axb6 24. Nf5 Rxg2 25. Qf1 Qc2 26. Rg1
Nd3+ 27.
Bxd3 Qd2# 0-1

[Event "?"]
[Site "Dallas, Pinfork Grand Prix II"]
[Date "1996.??.??"]
[Round "?"]
[White "Root,Alexey"]
[Black "Williams,Lee"]
[Result "1-0"]
[WhiteElo "2135"]
[BlackElo "2005"]
[PlyCount "77"]

1. d4 Nf6 2. Nf3 g6 3. c4 Bg7 4. Nc3 d5 5. cxd5 Nxd5 6. e4 Nxc3 7.
bxc3 c5 8.
Be3 O-O 9. Bc4 Nc6 10. O-O cxd4 11. cxd4 Bg4 12. Rb1 b6 13. Bd5 Rc8
14. Qa4
Bxf3 15. Bxc6 Qd6 16. d5 Be2 17. Rfe1 b5 18. Bxb5 Bxb5 19. Rxb5 Rc6
20. Bxa7
Ra8 21. Rb8+ Rc8 22. Rxc8+ Rxc8 23. Bd4 Bxd4 24. Qxd4 Qa3 25. Qd2 Rb8
26. h4
Rb2 27. Qd4 Qxa2 28. Rd1 Rb1 29. Rxb1 Qxb1+ 30. Kh2 Qc1 31. e5 h5 32.
g3 Kf8
33. Kg2 Qc2 34. d6 Qc6+ 35. Kh3 exd6 36. exd6 Ke8 37. Qe5+ Kd8 38.
Qe7+ Kc8 39.
Qe8+ 1-0

[Event "?"]
[Site "Dallas, Pinfork Grand Prix II"]
[Date "1996.??.??"]
[Round "?"]
[White "McClintock,Doug"]
[Black "Weinberg,Alex"]
[Result "1/2-1/2"]
[WhiteElo "2440"]
[BlackElo "2255"]
[PlyCount "80"]

1. d4 g6 2. e4 Bg7 3. Nc3 d6 4. Be3 Nf6 5. h3 O-O 6. Qd2 c6 7. Nf3 b5
8. Bd3
Nbd7 9. e5 b4 10. Ne2 Nd5 11. Bh6 dxe5 12. Bxg7 Kxg7 13. dxe5 Qc7 14.
Qg5 h6
15. Qg3 Nc5 16. O-O Nxd3 17. cxd3 c5 18. Nd2 Bf5 19. Rfc1 Qb6 20. Rc4
Nc7 21.
d4 cxd4 22. Nxd4 Be6 23. Nxe6+ Nxe6 24. Qb3 Rab8 25. Rac1 Rfd8 26. Nf3
Qb5 27.
h4 a5 28. Qe3 Qd7 29. Kh2 Rb5 30. Rc6 Rd5 31. Ra6 Qa4 32. Ra1 Qc2 33.
b3 Qb2
34. Qe1 Nf4 35. Qc1 Qxc1 36. Rxc1 Nd3 37. Rc7 Nxe5 38. Rxe7 Nxf3+ 39.
gxf3 Rf5
40. Rc7 Rd2 1/2-1/2

[Event "?"]
[Site "Dallas, Pinfork Grand Prix II"]
[Date "1996.??.??"]
[Round "?"]
[White "Chow,Albert"]
[Black "Steigman,A J"]
[Result "1-0"]
[WhiteElo "2380"]
[BlackElo "2030"]
[PlyCount "87"]

1. d4 Nf6 2. c4 e6 3. g3 Bb4+ 4. Nd2 O-O 5. a3 Be7 6. Bg2 d6 7. Ngf3
Nbd7 8.
O-O e5 9. b4 exd4 10. Nxd4 Ne5 11. Bb2 Rb8 12. Qc2 Bg4 13. h3 Bd7 14.
Nf5 Bxf5
15. Qxf5 Qd7 16. Qc2 Nc6 17. Rad1 a5 18. b5 Nd8 19. Nb3 b6 20. e4 Qc8
21. Nd4
Qd7 22. e5 Ne8 23. Rfe1 Ne6 24. Nc6 Rc8 25. f4 Nc5 26. Nxe7+ Qxe7 27.
exd6 Qd8
28. dxc7 Qxc7 29. Bd5 Kh8 30. Re3 Nd6 31. Rde1 Rfe8 32. Bc6 Rxe3 33.
Rxe3 Kg8
34. Qe2 Ne6 35. Kh2 Rd8 36. Bd5 Nf8 37. Re7 Nd7 38. Qg4 g6 39. Qe2 Qc5
40. h4
Qc7 41. Rxd7 Qxd7 42. Qe5 Kf8 43. Qg7+ Ke8 44. Qh8+ 1-0

[Event "?"]
[Site "Dallas, Pinfork Grand Prix II"]
[Date "1996.??.??"]
[Round "?"]
[White "Zuniga,Ivan"]
[Black "Dunning,John"]
[Result "0-1"]
[WhiteElo "2105"]
[BlackElo "2410"]
[PlyCount "84"]

1. e4 e6 2. d4 d5 3. e5 c5 4. c3 Qb6 5. Bd3 Bd7 6. Nf3 Bb5 7. O-O Bxd3
8. Qxd3
Qa6 9. Qxa6 Nxa6 10. Be3 Rc8 11. Na3 cxd4 12. Bxd4 Bxa3 13. bxa3 Nc5
14. Rab1
b6 15. Nd2 Ne7 16. f4 O-O 17. g4 Na4 18. Rf3 Nc6 19. Bf2 Na5 20. Rc1
Nc4 21.
Nb3 Nxa3 22. Nd4 Rc4 23. f5 Rfc8 24. fxe6 fxe6 25. Nxe6 Nxc3 26. Rf1
Rxg4+ 27.
Bg3 h5 28. Rf8+ Rxf8 29. Rxf8+ Kh7 30. Kf1 Nc4 31. Bf4 Ne4 32. Rd8 g5
33. Rd7+
Kh6 34. Bc1 Nxe5 35. Rxd5 Nf3 36. Be3 Nxh2+ 37. Ke1 h4 38. Nf8 Rg2 39.
Rd7 Kh5
40. Rh7+ Kg4 41. Rxa7 h3 42. Ng6 Rg3 0-1

[Event "?"]
[Site "Dallas, Pinfork Grand Prix II"]
[Date "1996.??.??"]
[Round "?"]
[White "Simms,Gary"]
[Black "Lester,Robert"]
[Result "1/2-1/2"]
[WhiteElo "2325"]
[BlackElo "1775"]
[PlyCount "72"]

1. e4 c6 2. d3 d5 3. Nd2 e5 4. Ngf3 Bd6 5. g3 Nf6 6. Bg2 O-O 7. O-O
Re8 8. Re1
Nbd7 9. c3 Nf8 10. Qc2 Ng6 11. Nf1 h6 12. a4 a5 13. Ne3 dxe4 14. dxe4
Bc5 15.
h3 Be6 16. Nf5 Qb6 17. Be3 Bxe3 18. Rxe3 Bb3 19. Qe2 Rad8 20. N3h4
Nxh4 21.
gxh4 Kh7 22. Rg3 g6 23. c4 Qb4 24. Nxh6 Bxc4 25. Qf3 Kxh6 26. Qxf6 Qe7
27. Qg5+
Qxg5 28. hxg5+ Kg7 29. Rc3 Be6 30. Rc5 Rd2 31. Rxe5 Red8 32. f4 Rxb2
33. f5
Rdd2 34. Bf1 gxf5 35. exf5 Bd5 36. Rae1 Bc4 1/2-1/2

[Event "?"]
[Site "Dallas, Pinfork Grand Prix II"]
[Date "1996.??.??"]
[Round "?"]
[White "Williams,Lee"]
[Black "Anderson,Selby"]
[Result "0-1"]
[WhiteElo "2005"]
[BlackElo "2330"]
[PlyCount "50"]

1. c4 c5 2. Nc3 Nf6 3. g3 d5 4. cxd5 Nxd5 5. Bg2 Nc7 6. Nf3 Nc6 7. d3
e5 8. Nd2
Bd7 9. O-O Be7 10. Nc4 f6 11. f4 b5 12. Ne3 Rc8 13. a4 b4 14. Ncd5 O-O
15. f5
Nd4 16. g4 Bc6 17. Nxc7 Qxc7 18. Nc4 Bxg2 19. Kxg2 e4 20. e3 Nf3 21.
Rxf3 exf3+
22. Qxf3 Rfd8 23. e4 Qd7 24. Bf4 Qxd3 25. Ne3 Qd2+ 0-1

[Event "?"]
[Site "Dallas, Pinfork Grand Prix II"]
[Date "1996.??.??"]
[Round "?"]
[White "Dorsey,Philip"]
[Black "Gurevich,Dimitry"]
[Result "0-1"]
[WhiteElo "2225"]
[BlackElo "2630"]
[PlyCount "62"]

1. e4 c5 2. Nf3 d6 3. d4 cxd4 4. Nxd4 Nf6 5. Nc3 Nc6 6. Bc4 e6 7. Bb3
a6 8. Be3
Qc7 9. Qe2 Na5 10. O-O Be7 11. Rad1 b5 12. Kh1 Nxb3 13. Nxb3 b4 14.
Na4 Rb8 15.
e5 dxe5 16. Nac5 O-O 17. Nxa6 Bxa6 18. Qxa6 Ra8 19. Qe2 Rxa2 20. Ra1
Rfa8 21.
Rxa2 Rxa2 22. Ra1 Rxb2 23. h3 h6 24. Ra7 Qd8 25. Bc1 Rb1 26. Qe1 e4
27. g3 Bf8
28. Kg2 Qd5 29. Ra5 Qc6 30. Qe2 e3+ 31. f3 Rxb3 0-1

[Event "?"]
[Site "Dallas, Pinfork Grand Prix II"]
[Date "1996.??.??"]
[Round "?"]
[White "Ivanov,Igor"]
[Black "Trammell,George"]
[Result "1-0"]
[WhiteElo "2540"]
[BlackElo "2215"]
[PlyCount "71"]

1. d4 Nf6 2. c4 g6 3. Nc3 d5 4. cxd5 Nxd5 5. e4 Nxc3 6. bxc3 Bg7 7.
Be3 c5 8.
Rc1 O-O 9. Nf3 Qa5 10. Qd2 b6 11. d5 e6 12. c4 Qxd2+ 13. Nxd2 f5 14.
f3 f4 15.
Bf2 e5 16. a4 Na6 17. a5 Nb4 18. Nb3 Bd7 19. Kd2 Ba4 20. Rb1 Rf7 21.
Be2 Bf8
22. Rb2 Rb7 23. Ra1 Bxb3 24. Rxb3 a6 25. Rxb4 cxb4 26. axb6 Rc8 27.
Rxa6 Bc5
28. Bxc5 Rxc5 29. Kc2 Kf7 30. Kb3 Ke7 31. Kxb4 Kd6 32. Bd1 g5 33. Ba4
h5 34.
Bb5 g4 35. Ra7 gxf3 36. Rxb7 1-0

[Event "?"]
[Site "Dallas, Pinfork Grand Prix II"]
[Date "1996.??.??"]
[Round "?"]
[White "McClintock,Doug"]
[Black "Simms,Gary"]
[Result "0-1"]
[WhiteElo "2200"]
[BlackElo "2325"]
[PlyCount "126"]

1. e4 c5 2. Nf3 Nc6 3. Nc3 Nf6 4. d4 cxd4 5. Nxd4 e5 6. Ndb5 d6 7. Bg5
a6 8.
Na3 b5 9. Bxf6 gxf6 10. Nd5 f5 11. c3 Bg7 12. Nxb5 O-O 13. Nbc7 Ra7
14. exf5
Rxc7 15. Nxc7 Qxc7 16. Qh5 Nd4 17. cxd4 Qa5+ 18. Kd1 Qa4+ 19. Ke1 Qb4+
20. Kd1
Qxb2 21. Rc1 Bd7 22. Bc4 Qxd4+ 23. Ke1 d5 24. Be2 Qb2 25. Qg5 Bxf5 26.
g4 Bg6
27. h4 f6 28. Qd2 Qxd2+ 29. Kxd2 Bh6+ 30. Kc3 Rb8 31. Rcg1 d4+ 32. Kc4
Rc8+ 33.
Kd5 Rd8+ 34. Kc4 d3 35. Bd1 Bf7+ 36. Kc3 Bf4 37. Bb3 e4 38. Bxf7+ Kxf7
39. Rb1
Ke6 40. Rhd1 Kd5 41. Rb7 Rc8+ 42. Kb2 Rc2+ 43. Kb1 Rxf2 44. Rxh7 Kd4
45. Rd7+
Ke3 46. Re1+ Re2 47. Rd1 Be5 48. h5 Rb2+ 49. Kc1 Rc2+ 50. Kb1 Rb2+ 51.
Kc1 Rxa2
52. Re1+ Kf3 53. g5 d2+ 54. Rxd2 Ra1+ 55. Kc2 Rxe1 56. g6 Rg1 57. Rd7
f5 58.
Ra7 e3 59. Re7 Rxg6 60. Kb3 Bf6 61. Rf7 e2 62. Rxf6 e1=Q 63. Rxf5+ Ke4
0-1

[Event "?"]
[Site "Dallas, Pinfork Grand Prix II"]
[Date "1996.??.??"]
[Round "?"]
[White "Odendahl, Steven"]
[Black "Pickard,Sid"]
[Result "1/2-1/2"]
[WhiteElo "2515"]
[BlackElo "2190"]
[PlyCount "79"]

1. e4 Nc6 2. f4 d5 3. e5 Bf5 4. Nf3 e6 5. d3 h5 6. Be2 Nh6 7. Be3 Be7
8. Nbd2
Qd7 9. Nb3 Bg4 10. Bf2 Nf5 11. Qd2 f6 12. d4 a6 13. O-O-O O-O-O 14.
Rde1 Rde8
15. Rhf1 Kb8 16. Nh4 Nxh4 17. Bxh4 Bf5 18. a3 Be4 19. Qd1 fxe5 20.
Bxe7 Qxe7
21. Nc5 Bxg2 22. Rg1 Nxd4 23. Nxa6+ bxa6 24. Rxg2 Nxe2+ 25. Qxe2 exf4
26. Qxa6
Qd6 27. Qa4 Re7 28. Rf1 c6 29. Rxf4 Rb7 30. Rb4 Rxb4 31. Qxb4+ Qxb4
32. axb4
Kc7 33. Rxg7+ Kd6 34. Rg5 h4 35. h3 Rh6 36. Rg4 e5 37. Kd2 e4 38. Ke3
Rh5 39.
Rf4 Rh6 40. Rg4 1/2-1/2

[Event "?"]
[Site "Dallas, Pinfork Grand Prix II"]
[Date "1996.??.??"]
[Round "?"]
[White "Steigman,A J"]
[Black "Dorsey,Philip"]
[Result "1/2-1/2"]
[WhiteElo "2030"]
[BlackElo "2225"]
[PlyCount "130"]

1. e4 c5 2. Nc3 Nc6 3. g3 g6 4. Bg2 Bg7 5. d3 e6 6. Be3 d6 7. Qd2 Nd4
8. Nge2
Ne7 9. O-O Nxe2+ 10. Qxe2 O-O 11. Qd2 Nc6 12. Bh6 Rb8 13. Bxg7 Kxg7
14. Ne2 Nd4
15. Nxd4 cxd4 16. f4 e5 17. f5 f6 18. fxg6 hxg6 19. Rf2 Be6 20. c4 Qd7
21. Raf1
Rf7 22. b3 b5 23. Qc1 bxc4 24. bxc4 Rb6 25. Rb2 Qd8 26. Qb1 Rfb7 27.
Rxb6 Qxb6
28. Qe1 Qb4 29. Qf2 Rc7 30. Qc2 Qc3 31. Qxc3 dxc3 32. Rc1 Rb7 33. Rxc3
Rb1+ 34.
Kf2 Rb2+ 35. Kf3 Rxa2 36. Rb3 Kf8 37. h4 Bd7 38. Bf1 Ba4 39. Rb8+ Ke7
40. Be2
Bd7 41. g4 Bxg4+ 42. Kxg4 Rxe2 43. Rb7+ Ke6 44. Rxa7 Re3 45. Rb7 f5+
46. Kg5
Rg3+ 47. Kh6 f4 48. Ra7 Rxd3 49. Kxg6 Rg3+ 50. Kh6 Rg4 51. Ra4 f3 52.
h5 f2 53.
Ra1 Rxe4 54. Rf1 Rxc4 55. Rxf2 Rg4 56. Kh7 e4 57. h6 d5 58. Kh8 d4 59.
h7 d3
60. Rf6+ Ke5 61. Re6+ Kf5 62. Re5+ Kg6 63. Re6+ Kh5 64. Rh6+ Kg5 65.
Rh5+ Kg6
1/2-1/2